Habibti Tracklist (Drake) - Statistics

General Stats
  • This quiz has been taken 25 times
  • The average score is 8 of 11
Answer Stats
# Title % Correct
7 Classic
89%
10 Fortworth (feat. PARTYNEXTDOOR)
89%
3 Slap The City (feat. Qendresa)
89%
8 Gen 5
83%
1 Rusty Intro
78%
2 WNBA
78%
11 Prioritizing
72%
9 White Bone
67%
6 I'm Spent (feat. Loe Shimmy)
61%
4 High Fives
56%
5 Hurrr Nor Thurrr (feat. Sexyy Red)
44%
No matching quizzes found
Score Distribution
Percent of People with Each Score
Percentile by Number Answered
Your Score History
You have not taken this quiz